000 00603nam a22002297a 4500
003 UA-OsUOA
001 100982
007 ta
008 20130603b un ||||| |||| 00| 0 ukr d
100 _aЧуковский Н.
090 _a821.161.1
_bЧ-88
942 _cBK
040 _aUA-OsUOA
_brus
_cUA-OsUOA
_dUA-OsUOA
245 _aБалтийское небо.Рассказы
300 _a608 с.
955 _a3
041 _arus
080 _a821.161.1
260 _aМ.
_bПравда
_c1991
650 7 _a82 Література. Літературознавство
_2UDC
999 _c386908
_d386908